000 01158nam a2200265Ia 4500
003 OSt
005 20220930095107.0
006 a|||||r|||| 00| 0
007 ta
008 220926b |||||||| |||| 00| 0 san d
024 _a71708
037 _cTheses
040 _aCRL
_cCRL
_bsan
041 _2san
_asan
100 _aप्रशान्त, ले.
110 _aदिल्ली विश्वविद्यालय. कला संकाय. संस्कृत विभाग
245 0 _aनागेशभट्ट की काव्यशास्त्रीय व्याख्याओं में प्रतिबिम्बित भाषा - दर्शन
246 _aNāgeshabhaṭṭa kī kāvyashāstrīya vyākhyāoan mean pratibimbit bhāṣhā - darshana
260 _c2020
300 _a226पृ0
_ap.
_ccm.
650 _aसंस्कृत साहित्य
700 _aदिल्ली विश्वविद्यालय. कला संकाय. संस्कृत विभाग
942 _cDIS
_2CC
999 _c888317
_d888317